[Event "Plunge op"]
[Site "Plateliai"]
[Date "2001.??.??"]
[Round "?"]
[White "Linauskas, Dainius"]
[Black "Groetz, Harald"]
[Result "0-1"]
[WhiteElo "2298"]
[BlackElo "2258"]
[PlyCount "104"]
[EventDate "2001.07.??"]
[EventType "swiss"]
[EventRounds "9"]
[EventCountry "LTU"]
[SourceTitle "EXT 2005"]
[Source "ChessBase"]
[SourceDate "2004.11.15"]
[SourceVersion "1"]
[SourceVersionDate "2004.11.15"]
[SourceQuality "1"]

1. d4 Nf6 2. c4 g6 3. Nc3 Bg7 4. e4 d6 5. f3 0-0 6. Bg5 Nc6 7. d5 Ne5 8. f4 Ned7 9. Nf3 Nc5 10. Bd3 c6 11. 0-0 Qb6 12. Kh1 Qxb2 13. Na4 Qa3 14. Nxc5 Qxc5 15. Rb1 Re8 16. Qe2 e6 17. e5 exd5 18. Bxf6 dxc4 19. Bxg7 cxd3 20. Qxd3 Bf5 21. Qd2 Bxb1 22. Bf6 Bf5 23. exd6 Re6 24. Be7 Rxe7 25. dxe7 Qxe7 26. h3 Rd8 27. Qb2 Qc7 28. Qf6 Qd6 29. Qh4 Kg7 30. Re1 f6 31. Qf2 Rd7 32. Nh4 Be6 33. f5 Bf7 34. fxg6 hxg6 35. Qxa7 c5 36. Nf3 Bd5 37. Qa3 Qg3 38. Rd1 b6 39. Qa4 Qd6 40. Qg4 Qe6 41. Qg3 Bxf3 42. Rxd7+ Qxd7 43. Qxf3 c4 44. a3 Qd4 45. Kh2 c3 46. Qb7+ Kh6 47. Qc6 Kg5 48. Qc8 Qc5 49. Qg4+ Kh6 50. Qf4+ Kg7 51. Qc1 Qd6+ 52. Kg1 Qd2 0-1

[Event "Plunge op"]
[Site "Plateliai"]
[Date "2001.??.??"]
[Round "?"]
[White "Linauskas, Dainius"]
[Black "Pakula, Aleksej"]
[Result "1-0"]
[WhiteElo "2298"]
[BlackElo "2139"]
[PlyCount "147"]
[EventDate "2001.07.??"]
[EventType "swiss"]
[EventRounds "9"]
[EventCountry "LTU"]
[SourceTitle "EXT 2005"]
[Source "ChessBase"]
[SourceDate "2004.11.15"]
[SourceVersion "1"]
[SourceVersionDate "2004.11.15"]
[SourceQuality "1"]

1. d4 Nf6 2. c4 e6 3. Nc3 d5 4. Nf3 Nbd7 5. cxd5 exd5 6. Bf4 c6 7. Qc2 Qa5 8. e3 Ne4 9. Bd3 Ndf6 10. 0-0 Nxc3 11. bxc3 Be7 12. Ne5 0-0 13. c4 dxc4 14. Bxc4 Nd5 15. Qb3 Kh8 16. Bg3 f6 17. Nd3 Nc3 18. Be6 Ne2+ 19. Kh1 Nxg3+ 20. hxg3 Qh5+ 21. Kg1 Bxe6 22. Qxe6 Qf7 23. Qd7 Ba3 24. Qg4 Rad8 25. Rab1 Qd7 26. Qf3 b6 27. Rb3 Be7 28. Rc1 c5 29. dxc5 Bxc5 30. Nxc5 Qd2 31. Rbc3 bxc5 32. R3c2 Qa5 33. Qf5 Qa3 34. Qxc5 Qxc5 35. Rxc5 Ra8 36. Rc7 a5 37. Rb7 Rfb8 38. Rxb8+ Rxb8 39. a4 Kg8 40. Rc5 Ra8 41. Rc7 Rd8 42. Rc5 Ra8 43. g4 h6 44. f4 Ra7 45. Kf2 Kf7 46. Kf3 Kg6 47. e4 Kf7 48. e5 fxe5 49. fxe5 Ke6 50. Ke4 Ra6 51. Rd5 g6 52. Rb5 h5 53. gxh5 gxh5 54. Kd4 Ra8 55. Rb6+ Kf5 56. Rf6+ Kg5 57. Rf2 Rd8+ 58. Kc5 Rc8+ 59. Kb5 Re8 60. Re2 Kf5 61. Kxa5 Ke6 62. Kb5 Rb8+ 63. Kc6 Ra8 64. Ra2 Kxe5 65. a5 Kf4 66. Ra3 Rg8 67. g3+ Rxg3 68. Rxg3 Kxg3 69. a6 h4 70. a7 h3 71. a8Q Kg2 72. Qg8+ Kh1 73. Qd5+ Kg1 74. Qd1+ 1-0

[Event "Plunge op"]
[Site "Plateliai"]
[Date "2001.??.??"]
[Round "?"]
[White "Linauskas, Dainius"]
[Black "Skierus, Algimantas"]
[Result "1-0"]
[WhiteElo "2298"]
[BlackElo "2037"]
[PlyCount "79"]
[EventDate "2001.07.??"]
[EventType "swiss"]
[EventRounds "9"]
[EventCountry "LTU"]
[SourceTitle "EXT 2005"]
[Source "ChessBase"]
[SourceDate "2004.11.15"]
[SourceVersion "1"]
[SourceVersionDate "2004.11.15"]
[SourceQuality "1"]

1. Nf3 Nf6 2. c4 g6 3. Nc3 Bg7 4. e4 d6 5. d4 0-0 6. Be2 e5 7. 0-0 Nc6 8. d5 Ne7 9. Nd2 Nd7 10. a3 a5 11. Rb1 f5 12. b4 axb4 13. axb4 b6 14. Bb2 Nf6 15. Ra1 Rxa1 16. Qxa1 g5 17. Qa7 Ng6 18. Re1 Nf4 19. Bf1 h5 20. Nb5 Rf7 21. Qb8 fxe4 22. Ra1 Qf8 23. Nxc7 Nd7 24. Qa8 Nf6 25. Nb5 Bb7 26. Qxf8+ Bxf8 27. Nc3 Nd3 28. Ba3 Ng4 29. f3 Ne3 30. Ndxe4 Nxf1 31. Rxf1 g4 32. Nb5 Ba6 33. Nbxd6 Bxd6 34. Nxd6 Rd7 35. b5 Bb7 36. fxg4 hxg4 37. g3 Ba8 38. Rd1 Nc5 39. Bxc5 bxc5 40. Ne4 1-0

[Event "LTU-ch"]
[Site "Vilnius"]
[Date "2000.04.01"]
[Round "8"]
[White "Linauskas, Dainius"]
[Black "Rositsan, Boris"]
[Result "0-1"]
[WhiteElo "2323"]
[BlackElo "2212"]
[PlyCount "65"]
[EventDate "2000.03.25"]
[EventType "swiss"]
[EventRounds "9"]
[EventCountry "LTU"]
[SourceTitle "CBM 075 Extra"]
[Source "ChessBase"]
[SourceDate "2000.05.11"]
[SourceVersion "2"]
[SourceVersionDate "2000.05.11"]
[SourceQuality "1"]

1. d4 Nf6 2. c4 e6 3. Nc3 Bb4 4. Qc2 c5 5. dxc5 Nc6 6. Nf3 Bxc5 7. Bg5 Qa5 8. Bd2 Qc7 9. e3 a6 10. Be2 d5 11. cxd5 Nb4 12. Qd1 Nbxd5 13. 0-0 Bd6 14. Qa4+ Ke7 15. Rac1 Qb8 16. Qh4 Nxc3 17. Bxc3 e5 18. Rfd1 a5 19. Qg5 h6 20. Qxg7 Rg8 21. Qxh6 Rg6 22. Qh8 Rg8 23. Qh4 Rg4 24. Qxf6+ Kxf6 25. Rxd6+ Qxd6 26. Nxe5 Rxg2+ 27. Kxg2 Ke7 28. Bd4 Qd8 29. Bf3 Be6 30. Bxb7 Bd5+ 31. Bxd5 Qxd5+ 32. f3 Rg8+ 33. Kf2 0-1

[Event "LTU-ch"]
[Site "Vilnius"]
[Date "2000.03.29"]
[Round "5"]
[White "Rutkauskas, Gediminas"]
[Black "Linauskas, Dainius"]
[Result "0-1"]
[WhiteElo "2081"]
[BlackElo "2323"]
[PlyCount "86"]
[EventDate "2000.03.25"]
[EventType "swiss"]
[EventRounds "9"]
[EventCountry "LTU"]
[SourceTitle "CBM 075 Extra"]
[Source "ChessBase"]
[SourceDate "2000.05.11"]
[SourceVersion "2"]
[SourceVersionDate "2000.05.11"]
[SourceQuality "1"]

1. d4 Nf6 2. Nf3 e6 3. c4 b6 4. g3 Ba6 5. Nbd2 Be7 6. Bg2 0-0 7. 0-0 d5 8. Ne5 c5 9. cxd5 exd5 10. Ndf3 Bb7 11. Bf4 Na6 12. Qa4 Qe8 13. Qxe8 Rfxe8 14. Ng5 Rf8 15. Bh3 h6 16. Ngxf7 Rxf7 17. Be6 Raf8 18. Ng6 Kh7 19. Ne5 g5 20. Be3 Rg7 21. Bf5+ Kh8 22. Ng6+ Rxg6 23. Bxg6 Ng4 24. h3 Kg7 25. Bh5 Nxe3 26. fxe3 Rxf1+ 27. Rxf1 Bf6 28. Kg2 Nb4 29. Kf3 cxd4 30. Rc1 Nc6 31. b4 Ne5+ 32. Kg2 Nc4 33. exd4 Bxd4 34. Bf3 b5 35. Kh2 Be3 36. Rd1 Nd2 37. Bg2 Kf6 38. Kh1 Ke6 39. Rc1 Kd6 40. Rc2 Nc4 41. Kh2 Bc8 42. Rc3 Bf5 43. g4 Bg6 0-1

[Event "LTU-ch"]
[Site "Vilnius"]
[Date "2000.03.26"]
[Round "2"]
[White "Linauskas, Dainius"]
[Black "Malisauskas, Vidmantas"]
[Result "1/2-1/2"]
[WhiteElo "2323"]
[BlackElo "2525"]
[PlyCount "129"]
[EventDate "2000.03.25"]
[EventType "swiss"]
[EventRounds "9"]
[EventCountry "LTU"]
[SourceTitle "CBM 075 Extra"]
[Source "ChessBase"]
[SourceDate "2000.05.11"]
[SourceVersion "2"]
[SourceVersionDate "2000.05.11"]
[SourceQuality "1"]

1. d4 Nf6 2. c4 g6 3. Nc3 d5 4. cxd5 Nxd5 5. e4 Nxc3 6. bxc3 Bg7 7. Bc4 c5 8. Ne2 0-0 9. Be3 Nc6 10. Rc1 Qc7 11. 0-0 Rd8 12. Bf4 e5 13. Bg5 Rd6 14. Bd5 Be6 15. dxc5 Rd7 16. c4 Qa5 17. Qd2 Qxc5 18. Be3 Qe7 19. Rfd1 Rc8 20. Qb2 Rcd8 21. Qb5 Qh4 22. Qa4 Bh6 23. Bxh6 Qxh6 24. Rb1 Bg4 25. f3 Be6 26. Rd3 Qh4 27. Rdb3 Rc8 28. h3 Qe7 29. Qa3 b6 30. Qxe7 Rxe7 31. Rb5 Na5 32. c5 Bd7 33. c6 Bxc6 34. Bxc6 Rxc6 35. Kf2 f6 36. R5b2 Rd7 37. Ke1 Kf7 38. Rd2 Ke6 39. Rxd7 Kxd7 40. Kd2 Rd6+ 41. Ke1 Rd3 42. Rc1 Nb7 43. Nc3 Nc5 44. Ke2 Rd4 45. Nd5 f5 46. Nf6+ Ke7 47. Nxh7 fxe4 48. Ng5 Kf6 49. Nxe4+ Nxe4 50. fxe4 Rxe4+ 51. Kf3 Ra4 52. Rc2 Kf5 53. g3 Ra3+ 54. Kg2 b5 55. Rf2+ Ke6 56. h4 e4 57. g4 b4 58. h5 gxh5 59. gxh5 Ra5 60. Rb2 Rg5+ 61. Kf1 a5 62. Rh2 Kf7 63. h6 Kg8 64. Kf2 Rd5 65. Ke3 1/2-1/2

[Event "Plunge op"]
[Site "Plateliai"]
[Date "1999.??.??"]
[Round "9"]
[White "Asauskas, Henrikas"]
[Black "Linauskas, Dainius"]
[Result "0-1"]
[WhiteElo "2239"]
[BlackElo "2321"]
[PlyCount "76"]
[EventDate "1999.07.13"]
[EventType "swiss"]
[EventRounds "9"]
[EventCountry "LTU"]
[SourceTitle "EXT 2005"]
[Source "ChessBase"]
[SourceDate "2004.11.15"]
[SourceVersion "1"]
[SourceVersionDate "2004.11.15"]
[SourceQuality "1"]

1. e4 c5 2. Nf3 d6 3. d4 cxd4 4. Nxd4 Nf6 5. Nc3 Nc6 6. Bc4 Qb6 7. Be3 Qxb2 8. Ndb5 Qb4 9. Bd3 Qa5 10. Rb1 g6 11. 0-0 Bg7 12. Nd5 Nxd5 13. exd5 Ne5 14. Be2 0-0 15. f4 Nd7 16. c4 Nc5 17. Nd4 Qc3 18. Rf3 Bg4 19. Nb5 Qa5 20. Rg3 Bf5 21. Rb3 Nxb3 22. axb3 Qa2 23. Nd4 Qb1 24. Nxf5 Qxf5 25. Bd3 Qf6 26. f5 a5 27. h4 Qa1 28. Qxa1 Bxa1 29. Bh6 Bg7 30. Bxg7 Kxg7 31. h5 g5 32. Rxg5+ Kf6 33. Rg4 Rg8 34. Re4 Rg5 35. g4 Rag8 36. Be2 Rxh5 37. Kf2 Rh3 38. Bf3 Rh2+ 0-1

[Event "LTU-ch"]
[Site "Vilnius"]
[Date "1996.??.??"]
[Round "4"]
[White "Juodeika, Rytis"]
[Black "Linauskas, Dainius"]
[Result "0-1"]
[WhiteElo "2200"]
[BlackElo "2310"]
[PlyCount "78"]
[EventDate "1996.??.??"]
[EventType "swiss"]
[EventRounds "9"]
[EventCountry "LTU"]
[SourceTitle "CBM 053 Extra"]
[Source "ChessBase"]
[SourceDate "1996.09.01"]
[SourceVersion "1"]
[SourceVersionDate "1996.09.01"]
[SourceQuality "1"]

1. d4 Nf6 2. c4 e6 3. Nc3 Bb4 4. Qc2 c5 5. dxc5 Bxc5 6. Nf3 Qb6 7. e3 0-0 8. Bd3 a6 9. 0-0 Qc7 10. b3 b6 11. Bb2 Nc6 12. Ne4 Nxe4 13. Bxe4 f5 14. Qc3 d5 15. Bd3 Nb4 16. Be2 dxc4 17. Bxc4 b5 18. a3 a5 19. Bxb5 Nd5 20. Qc4 Bb7 21. Rac1 Rac8 22. Qh4 h6 23. Ne5 Nxe3 24. Bd7 Nxg2 25. Bxe6+ Kh7 26. Qg3 g5 27. Bxc8 Nf4 28. Rfe1 Rxc8 29. b4 axb4 30. axb4 Qb6 31. Rxc5 Rxc5 32. bxc5 Qxb2 33. Nd3 Qc3 34. Re7+ Kg8 35. Qe3 Be4 36. Ne1 Qc4 37. h4 Nd5 38. Rxe4 fxe4 39. Qg3 Qc1 0-1

[Event "Vienna op-B"]
[Site "Vienna"]
[Date "1996.??.??"]
[Round "9"]
[White "Linauskas, Dainius"]
[Black "Franic, Milan"]
[Result "1/2-1/2"]
[WhiteElo "2300"]
[BlackElo "2390"]
[PlyCount "68"]
[EventDate "1996.08.??"]
[EventType "swiss"]
[EventRounds "9"]
[EventCountry "AUT"]
[SourceTitle "EXT 2000"]
[Source "ChessBase"]
[SourceDate "1999.11.16"]
[SourceVersion "1"]
[SourceVersionDate "1999.11.16"]
[SourceQuality "1"]

1. d4 Nf6 2. c4 e6 3. Nf3 Bb4+ 4. Nbd2 b6 5. a3 Bxd2+ 6. Bxd2 Bb7 7. Bg5 d6 8. e3 h6 9. Bh4 Nbd7 10. Be2 Qe7 11. 0-0 a5 12. Nd2 e5 13. dxe5 dxe5 14. f3 a4 15. Qc2 Nc5 16. Rad1 0-0 17. Qf5 Rfd8 18. Bxf6 Qxf6 19. Qxf6 gxf6 20. Nb1 f5 21. Nc3 Bc6 22. Rxd8+ Rxd8 23. Rd1 Rxd1+ 24. Bxd1 Kg7 25. Bc2 Kf6 26. Kf2 f4 27. g3 fxe3+ 28. Kxe3 Ke6 29. f4 Kd6 30. fxe5+ Kxe5 31. Bd1 Bd7 32. Bc2 Bc6 33. Bd1 Bd7 34. Bc2 Bc6 1/2-1/2

[Event "LTU-ch"]
[Site "Vilnius"]
[Date "1996.??.??"]
[Round "7"]
[White "Linauskas, Dainius"]
[Black "Kaunas, Kestutis"]
[Result "1-0"]
[WhiteElo "2310"]
[BlackElo "2415"]
[PlyCount "79"]
[EventDate "1996.??.??"]
[EventType "swiss"]
[EventRounds "9"]
[EventCountry "LTU"]
[SourceTitle "CBM 053 Extra"]
[Source "ChessBase"]
[SourceDate "1996.09.01"]
[SourceVersion "1"]
[SourceVersionDate "1996.09.01"]
[SourceQuality "1"]

1. d4 Nf6 2. c4 e6 3. Nc3 Bb4 4. Qc2 0-0 5. a3 Bxc3+ 6. Qxc3 Ne4 7. Qc2 f5 8. e3 b6 9. Ne2 d6 10. f3 Nf6 11. Bd2 c5 12. 0-0-0 Nc6 13. Bc3 Qe7 14. Nf4 e5 15. dxe5 Nxe5 16. Be2 a6 17. Rhe1 Rb8 18. Bd3 b5 19. cxb5 axb5 20. Bxf5 b4 21. Bxc8 Rfxc8 22. Bxe5 dxe5 23. Qc4+ Kh8 24. Nd5 Nxd5 25. Rxd5 bxa3 26. bxa3 e4 27. Qxe4 Qf6 28. Qe5 Qg6 29. Red1 h6 30. g4 Qb1+ 31. Kd2 Qa2+ 32. Ke1 Re8 33. Qf4 Rb2 34. Rd8 Qe6 35. h4 c4 36. R1d6 Qe7 37. Rxe8+ Qxe8 38. Qd4 Qb5 39. Rd8+ Kh7 40. Qe4+ 1-0

[Event "LTU-ch"]
[Site "Vilnius"]
[Date "1995.??.??"]
[Round "2"]
[White "Butnorius, Algimantas"]
[Black "Linauskas, Dainius"]
[Result "1/2-1/2"]
[WhiteElo "2440"]
[BlackElo "2320"]
[PlyCount "103"]
[EventDate "1995.??.??"]
[EventType "swiss"]
[EventRounds "9"]
[EventCountry "LTU"]
[SourceTitle "CBM 049 Extra"]
[Source "ChessBase"]
[SourceDate "1996.01.01"]
[SourceVersion "1"]
[SourceVersionDate "1996.01.01"]
[SourceQuality "1"]

1. Nf3 Nf6 2. c4 c6 3. d4 d5 4. Nc3 a6 5. e3 b5 6. b3 Bg4 7. Be2 e6 8. 0-0 Nbd7 9. Bb2 Be7 10. Nd2 Bxe2 11. Qxe2 0-0 12. e4 dxe4 13. Ndxe4 Re8 14. Rfd1 Qb6 15. Rac1 Rad8 16. Rc2 Nf8 17. Rcd2 Ng6 18. g3 Rd7 19. h4 h6 20. Nxf6+ Bxf6 21. Qg4 bxc4 22. bxc4 Rxd4 23. Ne4 Rxd2 24. Nxf6+ gxf6 25. Rxd2 Qa5 26. Re2 Qd8 27. h5 f5 28. Qf3 Nf8 29. Qc3 f6 30. Rd2 Qe7 31. Qxf6 Qxf6 32. Bxf6 Rb8 33. Rd6 Kf7 34. Be5 Rc8 35. Rd2 Ra8 36. Kg2 Ra7 37. Rd8 Nd7 38. Bf4 Nf6 39. Bxh6 Nxh5 40. Be3 Rb7 41. Ra8 Rb4 42. Rxa6 Rxc4 43. a4 e5 44. a5 f4 45. gxf4 Nxf4+ 46. Bxf4 exf4 47. Ra8 Ra4 48. Kf3 Ke6 49. a6 Kd5 50. a7 Kc5 51. Rf8 Rxa7 52. Kxf4 1/2-1/2

[Event "Katowice op"]
[Site "Katowice"]
[Date "1995.??.??"]
[Round "4"]
[White "Linauskas, Dainius"]
[Black "Leskiewicz, Maksymilian"]
[Result "1-0"]
[WhiteElo "2320"]
[BlackElo "2170"]
[PlyCount "55"]
[EventDate "1995.??.??"]
[EventType "swiss"]
[EventRounds "9"]
[EventCountry "POL"]
[SourceTitle "EXT 2000"]
[Source "ChessBase"]
[SourceDate "1999.11.16"]
[SourceVersion "1"]
[SourceVersionDate "1999.11.16"]
[SourceQuality "1"]

1. d4 Nf6 2. Nf3 g6 3. Bg5 Bg7 4. Nbd2 0-0 5. e4 d6 6. Be2 Nbd7 7. 0-0 e5 8. dxe5 dxe5 9. Re1 h6 10. Bh4 Qe8 11. c3 Nc5 12. Bf1 Nfd7 13. Qc2 f5 14. exf5 gxf5 15. Nc4 e4 16. Nd4 Ne5 17. Nxe5 Bxe5 18. g3 Kh8 19. f3 Rg8 20. Kh1 Qh5 21. Qf2 f4 22. gxf4 Bxf4 23. fxe4 Rg4 24. Bf6+ Kh7 25. Be2 Nxe4 26. Bd3 Bg3 27. Rxe4 Bxf2 28. Rxg4+ 1-0

[Event "Katowice op"]
[Site "Katowice"]
[Date "1995.??.??"]
[Round "2"]
[White "Linauskas, Dainius"]
[Black "Nikolenko, Oleg"]
[Result "1/2-1/2"]
[WhiteElo "2320"]
[BlackElo "2480"]
[PlyCount "85"]
[EventDate "1995.??.??"]
[EventType "swiss"]
[EventRounds "9"]
[EventCountry "POL"]
[SourceTitle "EXT 2000"]
[Source "ChessBase"]
[SourceDate "1999.11.16"]
[SourceVersion "1"]
[SourceVersionDate "1999.11.16"]
[SourceQuality "1"]

1. d4 e6 2. c4 Nf6 3. Nc3 Bb4 4. Qc2 0-0 5. a3 Bxc3+ 6. Qxc3 b6 7. Bg5 Ba6 8. e3 d6 9. Bd3 Nbd7 10. b4 c5 11. dxc5 bxc5 12. Ne2 Ne5 13. 0-0 cxb4 14. axb4 Bxc4 15. Bxc4 Rc8 16. Rxa7 Rxc4 17. Qb3 Qb6 18. Bxf6 Rxb4 19. Qa3 gxf6 20. Ra6 Qb7 21. Ra7 Qb8 22. Ra4 Rb1 23. Ng3 Rc8 24. h3 Kh8 25. Rxb1 Qxb1+ 26. Kh2 Qc2 27. Rf4 Qc5 28. Qa1 f5 29. Qd1 d5 30. Qh5 Qf8 31. Qg5 f6 32. Qh5 Rc4 33. Rxc4 dxc4 34. f4 Nd3 35. Qf3 c3 36. Qc6 Nc5 37. Ne2 c2 38. Qb5 Ne4 39. Qc4 Qc5 40. Qxe6 c1Q 41. Nxc1 Qxc1 42. Qe8+ Kg7 43. Qe7+ 1/2-1/2

[Event "Radviliskis op"]
[Site "Radviliskis"]
[Date "1995.??.??"]
[Round "4"]
[White "Linauskas, Dainius"]
[Black "Sarakauskas, Gediminas"]
[Result "1-0"]
[WhiteElo "2320"]
[BlackElo "2160"]
[PlyCount "81"]
[EventDate "1995.??.??"]
[EventType "swiss"]
[EventRounds "9"]
[EventCountry "LTU"]
[SourceTitle "EXT 1997"]
[Source "ChessBase"]
[SourceDate "1996.11.15"]
[SourceVersion "1"]
[SourceVersionDate "1996.11.15"]
[SourceQuality "1"]

1. d4 Nf6 2. Nf3 d5 3. c4 c6 4. e3 a6 5. c5 Qc7 6. Be2 Bg4 7. Ne5 Bxe2 8. Qxe2 Nbd7 9. Nxd7 Nxd7 10. 0-0 e5 11. e4 0-0-0 12. exd5 cxd5 13. b4 exd4 14. Bb2 Ne5 15. Nd2 Be7 16. Nb3 Bf6 17. Bxd4 h5 18. f4 Ng4 19. Bxf6 Nxf6 20. Nd4 Rhe8 21. Qd3 Re4 22. b5 axb5 23. Rac1 Rxf4 24. Nxb5 Rxf1+ 25. Qxf1 Qe5 26. Re1 Qb2 27. Rb1 Qc2 28. Nd6+ Kd7 29. Nxb7 Rc8 30. Re1 Rc6 31. Qf4 Qxa2 32. Qb8 Ne4 33. Qd8+ Ke6 34. Qe8+ Kf5 35. Rf1+ Kg5 36. Qxc6 Qd2 37. h4+ Kxh4 38. Qc7 Qe3+ 39. Kh2 Nf2 40. g3+ Kg5 41. Qf4+ 1-0

[Event "Radviliskis op"]
[Site "Radviliskis"]
[Date "1995.??.??"]
[Round "7"]
[White "Linauskas, Dainius"]
[Black "Uogele, Anicetas B"]
[Result "1-0"]
[WhiteElo "2320"]
[BlackElo "2285"]
[PlyCount "83"]
[EventDate "1995.??.??"]
[EventType "swiss"]
[EventRounds "9"]
[EventCountry "LTU"]
[SourceTitle "EXT 1997"]
[Source "ChessBase"]
[SourceDate "1996.11.15"]
[SourceVersion "1"]
[SourceVersionDate "1996.11.15"]
[SourceQuality "1"]

1. d4 Nf6 2. c4 g6 3. Nc3 d5 4. Bf4 c6 5. e3 Bg7 6. Bd3 0-0 7. Nf3 dxc4 8. Bxc4 Nd5 9. Bg3 Bg4 10. h3 Bxf3 11. Qxf3 Nxc3 12. bxc3 Qa5 13. Rc1 Nd7 14. 0-0 Rad8 15. Rfd1 Nf6 16. Bb3 Qh5 17. Qxh5 Nxh5 18. Bh2 Nf6 19. g4 h5 20. f3 Bh6 21. Kf2 Rd7 22. Rg1 hxg4 23. hxg4 Bg7 24. g5 Nh7 25. f4 e6 26. Kf3 Rfd8 27. Rgd1 Nf8 28. Bg3 b5 29. c4 b4 30. Ba4 Rc8 31. d5 exd5 32. cxd5 c5 33. Bc6 Rdd8 34. Rxc5 Nd7 35. Rcc1 Bb2 36. Rb1 Nb6 37. Bb5 Bc3 38. e4 a5 39. Bf2 Nd7 40. e5 Nxe5+ 41. fxe5 Bxe5 42. Bc6 1-0